Comentarios al Cd̤igo Civil y compilaciones forales

Detalles Bibliográficos
Otros Autores: Albaladejo Garca̕, Manuel (Conductor)
Formato: Desconocido
Lenguaje:español
Publicado: Madrid : Revista de Derecho Privado : Editoriales de Derecho Reunidas, D.L. 1983
Materias:
Acceso en línea:Acceso restringido

MARC

LEADER 00000ny a22000003n 4500
005 20110701134442.0
008 970410s1983 sp 000 spa d
020 |a 84-7130-423-6 
035 |a 4652 
040 |a UMA.CEE  |d vLex 
040 |a UMA.PE  |d vLex 
080 |a 347(460) 
090 |c 2139  |d 2139 
245 0 0 |a Comentarios al Cd̤igo Civil y compilaciones forales  |h [Recurso electrn̤ico]  |c dirigidos por Manuel Albaladejo 
256 |a Servicio en ln̕ea 
260 |a Madrid :  |b Revista de Derecho Privado :  |b Editoriales de Derecho Reunidas,  |c D.L. 1983 
300 |a p. ;  |c 21 cm 
505 0 |t Tomo XV, Vol.2, Artc̕ulos 1.125 a 1.155 del Cd̤igo civil /  |r comentados por Manuel Albaladejo Garca̕... [et al.] 
506 1 |a Contenido solo disponible en los productos indicados  |d vLex Global  |d vLex Global (Academic Edition, excluding Law Schools)  |d vLex Global (U.S. Academic Edition, Law Schools)  |d vLex Global (U.S. Academic Edition, excluding Law Schools)  |d vLex Global (Academic Edition, Law Schools) 
650 0 7 |2 Tesauro vLex  |a Civil 
650 0 7 |2 Tesauro vLex  |a Cd̤igo civil 
650 0 7 |2 Tesauro vLex  |a Obligaciones 
650 0 7 |2 Tesauro vLex  |a Hacienda local 
650 0 7 |2 Tesauro vLex  |a Tasas 
700 1 |a Albaladejo Garca̕, Manuel,  |e dir 
740 0 |a vLex Libros (Servicios en ln̕ea) 
856 4 0 |z Acceso restringido  |u http://vlex.com/source/4652 
942 |c BOOK